000 00830nam a2200229 a 4500
001 52770
003 BD-RjUL
005 20211209075846.0
008 160926s1946 ii ||||| |||| 00| 0 ben d
020 _c: IRs 0.50
035 _a(BD-RjUL) 52890
040 _aBD-RjUL
_bben
_cBD-RjUL
041 _aben
082 _223
_a539.7223
_bSAN 1946
100 _aসরকার, সুকুমারচন্দ্র
_9157802
245 1 0 _aনভোরশ্মি /
_cসুকুমারচন্দ্র সরকার
260 _aকলিকাতা :
_bবিশ্বভারতী,
_c১৯৪৬ [১৩৫৩]
300 _a৫০ পৃ. :
_bচিত্র;
_c১৮ সেমি.
650 _aমহাজাগতিক রশ্মি
_9157803
650 _acosmic rays
_9157804
942 _2ddc
_cBK
999 _c52770
_d52770